00382nam a2200181Ia 4500003000900000008004100009040001300050040001300063041000800076100002000084100001300104245003700117260001000154260000900164300001100173300001000184490000600194IT-RoPAU120407s9999 xx 000 0 und d aIT-RoPAU cIT-RoPAU aita aEugene McCarthy csenatore aLa mia risposta ai conservatori. aSugar c1968 a197 p. c21 cm v1